000 00399nam a22001697a 4500
003 MPLRDC
005 20220104142931.0
008 210129b ||||| |||| 00| 0 eng d
082 _a527.83 LTZ
100 _a刘添珍
245 _a鼓号乐队
_c
250 _a五版
260 _a
_b天同出版社
_c1977
300 _b
650 _a学校管理--学生团体
942 _cBK
_o527.83 LTZ
999 _c35030
_d35020